000
00279nam a22001097a 4500
005
20140523170140.0
008
140523b xxu||||| |||| 00| 0 eng d
050
_a
QE 41 T179 2009
245
_a
Earth Science 12th Ed.
_c
Edward Tarbuck
600
_2
EARTH
_9
1
942
_2
lcc
_c
BK
_m
QE
999
_c
117202
_d
117202